Logo BPK

Biblioteka

Politechniki Koszalińskiej

Meyers grosses Taschenlexikon : (Rekord nr 49382)

Szczegóły MARC
000 -ETYKIETA REKORDU
podpole kontrolne o stałej długości 00724nam a2200241 i 4500
001 - NUMER KONTROLNY REKORDU
pole kontrolne bgj
020 ## - MIĘDZYNARODOWY ZNORMALIZOWANY NUMER KSIĄŻKI - ISBN
ISBN 3411111593
040 ## - ŹRÓDŁO KATALOGOWANIA
Instytucja, która utworzyła rekord BPK
041 0# - KOD JĘZYKA
Kod języka tekstu ger
044 ## - KOD KRAJU WYDAWCY/PRODUCENTA
Kod kraju wydawcy/producenta DEU
080 ## - UNIWERSALNA KLASYFIKACJA DZIESIĘTNA - UKD
UKD 811.112.2(03)
920 ## - Międzynarodowy znormalizowany numer książki – ISBN
ISBN 3-411-11159-3
008 - POLE O STAŁEJ DŁUGOŚCI - DANE KONTROLNE
podpole kontrolne o stałej długości s gw f |000 0 ger
245 10 - TYTUŁ/ODPOWIEDZIALNOŚĆ
Tytuł Meyers grosses Taschenlexikon :
Ciąg dalszy tytułu in 26 Bänden.
Pozostałe elementy strefy tytułu i oznaczenia odpowiedzialności hrsg. und bearb. von Meyers Lexikonredaktion ; red. Leitung Annette Zwahr
Oznaczenie części/sekcji dzieła Bd. 15,
Tytuł części/sekcji dzieła Mef-Nar /
250 ## - STREFA WYDANIA
Oznaczenie wydania Wyd. 9.
260 ## - STREFA ADRESU WYDAWNICZEGO
Miejsce wydania Mannheim :
Nazwa wydawcy/dystrybutora Meyer,
Data publikacji, dystrybucji/powstania dokumentu 2003.
300 ## - STREFA OPISU FIZYCZNEGO
Objętość S. 4709-5056 :
Inne cechy fizyczne il. ;
Rozmiary 20 cm.
650 #9 - HASŁO PRZEDMIOTOWE W FORMIE NAZWY OGÓLNEJ LUB JEDNOSTKOWEJ
Nazwa ogólna lub geograficzna Język niemiecki
655 ## - TERMIN INDEKSOWY - OKREŚLENIE RODZAJU/FORMY DOKUMENTU
Określenie rodzaju/formy dokumentu Słowniki
700 1# - HASŁO DODATKOWE - NAZWA OSOBOWA
Nazwa osobowa ZWAHR, Annette.
710 1# - HASŁO DODATKOWE - NAZWA CIAŁA ZBIOROWEGO
Nazwa ciała zbiorowego lub jednostki geograficznej Bibliographisches Institut
Nazwa jednostki podrzędnej Lexikonredaktion
Miejsce imprezy Mannheim.
856 ## - LOKALIZACJA I DOSTĘP DO ELEKTRONICZNYCH DOKUMENTÓW ZDALNYCH
Link (URL) http://koha.tu.koszalin.pl/cgi-bin/koha/opac-detail.pl?biblionumber=49382
Tekst linku Katalog online BPK
942 ## - DODATKOWE ELEMENTY (KOHA)
Typ dokumentu Książka
Egzemplarze
Wycofany Status egzemplarza Uszkodzony Dostępność Lokalizacja stała Lokalizacja bieżąca Miejsce przechowywania Sygnatura Kod kreskowy Dział Typ dokumentu
      Tylko na miejscu Biblioteka Politechniki Koszalińskiej Biblioteka Politechniki Koszalińskiej Czytelnia Wydziałowa ul. Kwiatkowskiego 6e N 1028 02123523 811.112.2(03) Język niemiecki - encyklopedie, słowniki Książka
© 2023 Biblioteka Politechniki Koszalińskiej :: KOHA